Szczegóły MARC21

Kot i mysz /

003 -Nazwa inst., której nr kontr. jest w polu 001 [,]
    • @
    • Nazwa instytucji, której n kontrolny jest w polu 001
    • NUKAT
005 -DATA I CZAS OSTATNIEJ MODYFIKACJI [,]
    • @
    • pole kontrolne
    • 20241231113829.0
020 -Międzynarod. znormalizowany nr książki - ISBN [ , ]
    • a
    • Numer ISBN
    • 8307020506 Find
040 -Instytucja sporządzająca opis [ , ]
    • a
    • Instytucja, która sporządziła opis (NP)
    • GD U/MZ
    • c
    • Instytucja, która sporządziła rekord (NP)
    • GD U/MZ
    • d
    • Instytucja, która zmodyfikowała rekord (P)
    • GD U/MZ
    • d
    • Instytucja, która zmodyfikowała rekord (P)
    • Ł U/ASs
041 -Język dokumentu [1, ]
    • a
    • Język tekstu (P)
    • polski
    • h
    • Język tekstu oryginalnego i/lub pośredniego (P)
    • niemiecki
942 -Rodzaj dokumentu [ , ]
    • c
    • Rodzaj dokumentu
    • Książka
100 -Hasło główne - nazwa osobowa [1, ]
    • a
    • Nazwa osobowa (NP)
    • Grass, Günter
    • d
    • Daty biograficzne (NP)
    • (1927-2015).
    • 9
    • KHW
    • 236475
240 -Tytuł ujednolicony [1,0]
    • a
    • Tytuł ujednolicony
    • Katz und Maus
    • l
    • Język tekstu
    • (pol.)
    • 9
    • KHW
    • 460831
245 -Strefa tytułu i oznaczenia odpowiedzialności [1,0]
    • a
    • Tytuł
    • Kot i mysz / Find
    • c
    • Pozostałe elementy strefy tytułu i oznaczenia odpowiedzialności (NP)
    • Günter Grass ; przeł. Irena i Egon Naganowscy.
250 -Strefa wydania [ , ]
    • a
    • Oznaczenie wydania (NP)
    • Wyd. 3.
260 -Strefa adresu wydawniczego [ , ]
    • a
    • Miejsce wydania (P)
    • Warszawa :
    • b
    • Nazwa wydawcy (P)
    • Czytelnik,
    • c
    • Data wydania (P)
    • 1990.
300 -Strefa opisu fizycznego [ , ]
    • a
    • Określenie formy książki i/lub objętość (NP)
    • 159 s. ;
    • c
    • Format (NP)
    • 18 cm.
336 -Typ zawartości [ , ]
    • a
    • Termin opisujący typ zawartości
    • Tekst
    • b
    • Kod określający zawartość
    • txt
    • 2
    • Źródło (terminu i kodu)
    • rdacontent
337 -Typ mediów [ , ]
    • a
    • Tryb odtwarzania
    • Bez urządzenia pośredniczącego
    • b
    • Kod typu mediów
    • n
    • 2
    • Źródło (terminu i kodu)
    • rdamedia
338 -Typ/rodzaj nośnika [ , ]
    • a
    • Hasło opisujące typ nośnika
    • Wolumin
    • b
    • Kod typu nośnika
    • nc
    • 2
    • Źródło (terminu i kodu)
    • rdacarrier
080 -Uniwersalna Klasyfikacja Dziesiętna [ , ]
    • 2
    • Identyfikator wydania tablic
    • UDC-PO58
    • a
    • Symbol klasyfikacji
    • 821.112.2-3
    • b
    • Dopowiedzenie
    • Literatura niemiecka - powieści, nowele, opowiadania.
651 -Hasło przedmiotowe w formie nazwy geograficznej [ ,7]
    • a
    • Nazwa geograficzna
    • Gdańsk (Polska)
    • y
    • Określnik chronologiczny
    • 1939-1945 (Wojna i okupacja)
    • v
    • Określnik formalny
    • nowele.
    • 2
    • Źródło terminu
    • kaba
    • 9
    • KHW
    • 437146
655 -Hasło w funkcji tematu formalnego [ ,7]
    • a
    • Hasło
    • Nowele niemieckie
    • y
    • Określnik chronologiczny
    • 1945-1970
    • v
    • Określnik formy
    • tłumaczenia polskie.
    • 2
    • Źródło terminu
    • kaba
    • 9
    • KHW
    • 351098
980 -Symbol UKD [ , ]
    • a
    • UKD
    • 821.112.2-3
700 -Hasło dodatkowe - nazwa osobowa [1, ]
    • a
    • Nazwa osobowa (NP)
    • Naganowska, Irena Find
    • d
    • Daty biograficzne (NP)
    • (1914-1990).
    • e
    • Określenie rodzaju współpracy
    • Tł.
    • 9
    • KHW
    • 37675
700 -Hasło dodatkowe - nazwa osobowa [1, ]
    • a
    • Nazwa osobowa (NP)
    • Naganowski, Egon Find
    • d
    • Daty biograficzne (NP)
    • (1913-2000).
    • e
    • Określenie rodzaju współpracy
    • Tł.
    • 9
    • KHW
    • 89941
710 -Hasło dodatkowe - nazwa ciała zbiorowego [2, ]
    • a
    • Nazwa ciała zbiorowego lub nazwa geograficzna jako pierwszy element (NP)
    • Spółdzielnia Wydawnicza "Czytelnik".
    • 4
    • Kod relacji
    • pbl
    • 9
    • KHW
    • 52317
920 -ISBN [ , ]
    • a
    • ISBN
    • 83-07-02050-6 Find
Lokalizacja Sygnatura Status udost. Uwagi nie widoczne w OPAC Data inwentaryzacji Numer inwentarzowy
BGW.172276-3przepisany W.172276
BGW.172276-3przepisany W.172277
BGW.172276-3przepisany W.172278
BMPol. Literatura niemiecka-3przepisany G.7832
BMPol. Literatura niemiecka-3 2007-10-22G.18493